000 00509cam a2200193ua 4500
001 3557
005 20260515113711.0
008 111121n ii |||gr||||Z||||||asm
040 _cMAIN
082 _a891.4513
100 _aBorkotoky, Biren,
_eEditor.
245 1 1 _aUpanyasik Rajani Kanta Bordoloi
_ced. by Biren Borkotoky
250 _a2nd.
260 _aJorhat:
_bAssam Sahitya sabha,988.
300 _a176p:
_c23cm.
653 _aAssamese novel
653 _aUpanyasik Rajani Kanta Bordoloi
942 _cBK
999 _c3396
_d3396